000 00690nam a2200229 a 4500
001 73550
003 BD-RjUL
005 20211209082417.0
008 170603s1963 enka b 001 0 eng
035 _a(BD-RjUL)73768
040 _aDLC
_cNhU
_dOCoLC
_dUk
_dDLC
_dBD-RjUL
_beng
041 _aeng
082 _223
_a636
_bZEH 1963
100 1 _aZeuner, Frederick Everard,
_d1905-1963.
_9204099
245 1 2 _aA history of domesticated animals /
_cFrederick E. Zeuner.
260 _aLondon :
_bHutchinson,
_cc1963.
300 _a560 p. :
_bill. ;
_c25 cm.
504 _aIncludes bibliograhy.
650 0 _aDomestic animals
_xHistory.
_9217631
740 0 _aDomesticated animals.
942 _2ddc
_cBK
999 _c73550
_d73550